000 00983nam a2200253Ia 4500
003 OSt
005 20220923214727.0
006 a|||||r|||| 00| 0
007 ta
008 220922b |||||||| |||| 00| 0 hin d
024 _a172,022
037 _cTextual
040 _aARTS
_cARTS
_bhin
041 _2hin
_ahin
082 _aO152,6N06x, N6
100 _aद्विवेदी, हजारीप्रसाद; द्विवेदी, मुकुन्द, संपा.
_9163406
245 0 _aचुने हुए निबंध
246 _aChune hue nibandha
260 _aनई दिल्ली
_b किताबघर प्रकाशन
_c1996
300 _a120 पृ.
_ccm.
650 _aहिन्दी साहित्य
_9156264
942 _hO152,6N06x, N6
_cTEXL
_2CC
999 _c326146
_d326146